Quick Pick: Forts Quiz Stats

Quiz Updated Aug 21, 2017

Challenge
Share
Tweet
Embed
Score 0/10 Timer 01:00
0 Plays Today
% Correct
Forty
90.3%
Fortress
89.2%
Fortune
88.7%
Fortnight
88.7%
Fortitude
88.1%
Forthright
84.2%
Fortissimo
82.6%
Forthwith
78.9%
Forth
71.8%
Fortis
63.6%

Today's Daily Dose

Word Ladder
'90s Movies

Quick Pick
'Fire' Movies

On This Day
June 19th II

You're not logged in!

Compare scores with friends on all Sporcle quizzes.
Join for Free
OR
Log In

You Might Also Like...

Show Comments

Extras

Top Quizzes Today


Score Distribution

Your Account Isn't Verified!

In order to create a playlist on Sporcle, you need to verify the email address you used during registration. Go to your Sporcle Settings to finish the process.

Report this User

Report this user for behavior that violates our Community Guidelines.

Details: